• 首页
  • 本馆介绍
  • 公告通知
  • 最新文献
  • 馆藏检索
  • 电子资源
  • 读者导购
  • 参考咨询
  • 我的图书馆
  • 登录
  • 详细信息显示
  • 放入我的书架
  • 预约/预借图书
  • 作者相关作品
  • 分类相关作品
  • 丛书相关作品
  • 出版社相关作品

书目信息

  • 表格格式
  • 工作单格式
  • 卡片格式
题名:
精细化工概论
    
 
作者: 录华 , 李璟 主编
分册:  
出版信息: 北京   化学工业出版社  2007
页数: 301页
开本: 21cm
丛书名:
单 册:
中图分类: TQ062
科图分类:
主题词: 精细化工--职业高中--教材 , 精细化工
电子资源:
ISBN: 978-7-5025-9750-4
000 00842nam0 2200289 450
001 003394601
005 20080303094844.45
010    @a978-7-5025-9750-4@dCNY17.00
035    @a003394601
100    @a20060518d2007 em y0chiy0110 ea
101 0  @achi
102    @aCN@b110000
105    @ay z 000yy
106    @ar
200 1  @a精细化工概论@Ajing xi hua gong gai lun@f录华,李璟主编
205    @a2版
210    @a北京@c化学工业出版社@d2007
215    @a301页@d21cm
300    @a中等职业学校教材
330    @a本书在论述精细化学品生产常见的单元反应的基础上,对生产中的分离提纯技术和一些主要产品一并做了介绍。
606 0  @a精细化工@x职业高中@j教材
606 0  @a精细化工
690    @aTQ062@v4
701  0 @a录华@Alu hua@4主编
701  0 @a李璟@Ali jing@c(化工)@4主编
801  0 @aCN@bNLC@c20080303
905    @dTQ062@e175=2@f4
    
    精细化工概论/录华,李璟主编.-2版.-北京:化学工业出版社,2007
    301页;21cm
    中等职业学校教材
    
    ISBN 978-7-5025-9750-4:CNY17.00
    本书在论述精细化学品生产常见的单元反应的基础上,对生产中的分离提纯技术和一些主要产品一并做了介绍。
●
相关链接 在E读中查询图书 在五车中查询图书 在当当中查询图书 在豆瓣中查询图书


正题名:精细化工概论     索取号:TQ062/175=2         预约/预借

序号 登录号 条形码 馆藏地/架位号 状态 备注
1 0614870   206148701   第二样本阅览室/ [索取号:TQ062/175=2] 在馆    
2 0614871   206148710   第三借阅区/ [索取号:TQ062/175=2] 在馆    
3 0614872   206148729   第三借阅区/ [索取号:TQ062/175=2] 在馆    
4 0614873   206148738   第三借阅区/ [索取号:TQ062/175=2] 在馆    
唐山师范学院图书馆 欢迎您!
大连网信软件有限公司© 版权所有